| 000 | 00687nam a2200229Ii 4500 | ||
|---|---|---|---|
| 003 | JO-AjNU | ||
| 008 | 230606s9999||||xx |||||||||||||| ||und|| | ||
| 020 | _a978-0-521-54070-4 | ||
| 040 |
_aJO-AjNU _beng _erda _cJO-AjNU |
||
| 041 | _aeng | ||
| 050 | 1 | 4 | _aHF5718.M376 2007 |
| 100 | 3 |
_aMascull,Bill, _eauthor _91926 |
|
| 245 | 0 | 0 | _aBusiness Vocabulary in Use Advanced |
| 250 | _a5th ed | ||
| 264 | 3 | 1 | _aNew York: Cambridge University Press,2007 |
| 300 |
_a133p _bIncludes indexes(p124-133) |
||
| 336 |
_atext _btxt _2rdacontent |
||
| 337 |
_aunmediated _bn _2rdamedia |
||
| 338 |
_avolume _bnc _2rdacarrier |
||
| 490 | 0 | _aCambridge Professional English | |
| 650 | 4 |
_aBusiness _91927 |
|
| 999 |
_aE1013 _c1013 _d1013 |
||